| 000 | 00486nam a2200133Ia 4500 | ||
|---|---|---|---|
| 008 | 250506s9999 xx 000 0 und d | ||
| 024 | _a99B-BCS3-016, 99B-BCS3-041, 99B-BCS3-045 & 99B-BCS3-037 | ||
| 082 | _a005.15072 MUH | ||
| 100 | _aMuhammad Nasir , Muhammad Tariq Saleem , Muhammad Tariq Siddiqui & Furrukh Munir | ||
| 245 | 0 | _aVirtual University of Online Education | |
| 260 |
_aKarachi: _bUIT, _c1999 |
||
| 600 | _aComputer Science | ||
| 650 | _aBachelor of Computer Science (BS) | ||
| 999 |
_c28643 _d28643 |
||